The Architecture of Landscape, 1940-1960 (Penn Studies in Landscape Architecture) (Record no. 13649)
[ view plain ]
| 000 -LEADER | |
|---|---|
| fixed length control field | 00268 a2200085 4500 |
| 020 ## - INTERNATIONAL STANDARD BOOK NUMBER | |
| International Standard Book Number | 978-0812236231 |
| 100 ## - MAIN ENTRY--PERSONAL NAME | |
| Personal name | Marc Treib |
| 245 ## - TITLE STATEMENT | |
| Title | The Architecture of Landscape, 1940-1960 (Penn Studies in Landscape Architecture) |
| 260 ## - PUBLICATION, DISTRIBUTION, ETC. | |
| Name of publisher, distributor, etc. | University of Pennsylvania Press |
| Date of publication, distribution, etc. | 2002 |
| Withdrawn status | Lost status | Source of classification or shelving scheme | Damaged status | Not for loan | Permanent Location | Current Location | Date acquired | Source of acquisition | Cost, normal purchase price | Barcode | Date last seen | Cost, replacement price | Price effective from | Koha item type |
|---|---|---|---|---|---|---|---|---|---|---|---|---|---|---|
| BMS College of Architecture, Design and Planning | BMS College of Architecture, Design and Planning | 2025-08-30 | 10 | 5805.45 | AR-UG4465 | 2025-08-30 | 8293.50 | 2025-08-30 | UG Books |